Numerical analysis (Record no. 612465)

000 -LEADER
fixed length control field 00368nam a22001457a 4500
020 ## - INTERNATIONAL STANDARD BOOK NUMBER
International Standard Book Number 0871508575
040 ## - CATALOGING SOURCE
Transcribing agency Nust
082 ## - DEWEY DECIMAL CLASSIFICATION NUMBER
Classification number 519.4
Author Mark BUR'N
100 ## - MAIN ENTRY--PERSONAL NAME
Personal name Richard L. Burdan
9 (RLIN) 127301
245 ## - TITLE STATEMENT
Title Numerical analysis
250 ## - EDITION STATEMENT
Edition statement 3rd Edition
260 ## - PUBLICATION, DISTRIBUTION, ETC.
Place of publication, distribution, etc. Boston:
Name of publisher, distributor, etc. Prindle , weber and schimdt,
Date of publication, distribution, etc. 1985.
650 ## - SUBJECT ADDED ENTRY--TOPICAL TERM
Topical term or geographic name entry element Numerical analysis
9 (RLIN) 103
942 ## - ADDED ENTRY ELEMENTS (KOHA)
Source of classification or shelving scheme
Koha item type Book
Holdings
Withdrawn status Lost status Source of classification or shelving scheme Damaged status Not for loan Permanent Location Current Location Shelving location Date acquired Total Checkouts Full call number Barcode Checked out Date last seen Date last checked out Price effective from Koha item type
          College of Electrical & Mechanical Engineering (CEME) College of Electrical & Mechanical Engineering (CEME) General Stacks 01/01/2025 1 519.4 BUR'N CEME- 31687 02/20/2026 01/21/2026 01/21/2026 01/01/2025 Book
© 2023 Central Library, National University of Sciences and Technology. All Rights Reserved.